000 00294nam a2200133Ia 4500
100 _aBrumbaugh/J.E
942 _cBK
654 _aHandbook
245 _aWelders Guide And Handbook
260 _bD.B.Taraporevala & Sons
_aBombay
_c1983
082 _a671.5
300 _a918
546 _aENGLISH
999 _c29028
_d29028